BUBT Library Online Catalog

Financial Accounting : (Record no. 5491)

000 -LEADER
fixed length control field 00724nam a22002297a 4500
003 - CONTROL NUMBER IDENTIFIER
control field BUBTL
008 - FIXED-LENGTH DATA ELEMENTS--GENERAL INFORMATION
fixed length control field 170725b xxu||||| |||| 00| 0 eng d
020 ## - INTERNATIONAL STANDARD BOOK NUMBER
International Standard Book Number 00724673
082 ## - DEWEY DECIMAL CLASSIFICATION NUMBER
Classification number 657.48/ W6703f/ 2006
100 ## - MAIN ENTRY--PERSONAL NAME
9 (RLIN) 1314
Personal name Williams, Jan R.
245 ## - TITLE STATEMENT
Title Financial Accounting :
Statement of responsibility, etc. Jan R. Williams, Susan F. Haka and Mark S. Bettner and Joseph V. Carcello
250 ## - EDITION STATEMENT
Edition statement 12th
260 ## - PUBLICATION, DISTRIBUTION, ETC. (IMPRINT)
Place of publication, distribution, etc. Boston
Name of publisher, distributor, etc. McGraw-Hill
Date of publication, distribution, etc. c2006
300 ## - PHYSICAL DESCRIPTION
Extent [xxv], 802p.
Dimensions 24cm.
500 ## - GENERAL NOTE
General note Includes Index
650 #0 - SUBJECT ADDED ENTRY--TOPICAL TERM
9 (RLIN) 5
Topical term or geographic name as entry element Accounting
700 ## - ADDED ENTRY--PERSONAL NAME
Personal name Jan R. Williams, Susan F. Haka and Mark S. Bettner and Joseph V. Carcello
9 (RLIN) 4282
760 ## - MAIN SERIES ENTRY
Edition 12th
856 ## - ELECTRONIC LOCATION AND ACCESS
Password 0
Logon 0
Link text Download
942 ## - ADDED ENTRY ELEMENTS (KOHA)
Source of classification or shelving scheme
Koha item type Books
Holdings
Withdrawn status Lost status Source of classification or shelving scheme Damaged status Not for loan Collection code Permanent location Current location Shelving location Date acquired Inventory number Total Checkouts Full call number Barcode Date last seen Date last checked out Copy number Price effective from Koha item type
          Non-fiction Bangladesh University of Business and Technology Library Bangladesh University of Business and Technology Library Accounting Stacks 03/07/2015 20248 1 657WIF BUBTL-200320248 07/16/2023 07/13/2023 C-1 07/25/2017 Books
          Non-fiction Bangladesh University of Business and Technology Library Bangladesh University of Business and Technology Library Accounting Stacks 03/07/2015 20249   657WIF BUBTL-200320249 07/25/2017   C-2 07/25/2017 Books
          Non-fiction Bangladesh University of Business and Technology Library Bangladesh University of Business and Technology Library Accounting Stacks 03/07/2015 20250   657WIF BUBTL-200320250 07/25/2017   C-3 07/25/2017 Books
        Not For Loan Non-fiction Bangladesh University of Business and Technology Library Bangladesh University of Business and Technology Library Accounting Stacks 03/07/2015 20251   657WIF BUBTL-200320251 07/25/2017   C-4 07/25/2017 Books
        Not For Loan Non-fiction Bangladesh University of Business and Technology Library Bangladesh University of Business and Technology Library Accounting Stacks 03/07/2015 20252   657WIF BUBTL-200320252 07/25/2017   C-5 07/25/2017 Books

More Information About Library

Library Hours

  • Open: 9.00 am. to 9.00 pm.
  • Only Sunday: 9.00 am. to 6.00 pm.
  • Closed: Holiday

Contact to the University

Bangladesh University of Business and Technology Library

  • Mirpurl-2, 1216.
  • Phone:
  • Fax:
  • E-Mail: admin.library@bubt.edu.bd

Contact to the Library

Contact Person:

Md. Abdul Hakim Shah
Joint Librarian
PABX No:  113
Cell No: 01816332931
E-mail: official: admin.library@bubt.edu.bd
Personal: hakim.shah@bubt.edu.bd


BUBT Library

Copyright © 2021